| 000 | 00921nac a22002411u 4500 | ||
|---|---|---|---|
| 010 | _a 2007278437 | ||
| 020 | _a1844671097 (pbk.) | ||
| 020 | _a9781844671090 (pbk.) | ||
| 035 | _a(OCoLC)ocm75713936 | ||
| 082 |
_a320 _bFRI |
||
| 090 |
_c5076 _d5076 |
||
| 100 | _aFriel, Howard, | ||
| 245 | 1 | 0 |
_aIsrael-Palestine on record / _cHoward Friel and Richard Falk. |
| 246 | 1 | _aHow the New York Times misreports conflict in the Middle East | |
| 260 |
_aLondon ; _aNew York : _bVerso,2007. _c2007. |
||
| 300 |
_a309 p. ; _c24 cm. |
||
| 504 | _aIncludes bibliographical references (p. [270]-302) and index. | ||
| 650 | 0 |
_aArab-Israeli conflict _y1993- _xPress coverage _zUnited States. |
|
| 650 | 0 |
_aNewspapers _xObjectivity. |
|
| 700 | 1 | _aFalk, Richard A. | |
| 942 |
_cBB _k320FRI |
||
| 999 |
_c5076 _d5076 |
||